000 00984nas a2200277 4500
001 BR8401793
003 BR-BrBNA
005 20231205085856.0
007 ta
008 230509b bl.|||p| |||| 00| 00por d
040 _aBR-BrBNA
_bpor
_cBiblioteca Nacional de Agricultura
041 _a(Pt)
072 _aL50
100 1 _aPortus, M.I.G.
100 1 _aMeirelles, N.C.
100 1 _aFocesi Junior, A.
245 1 _aHemoglobinas em cascudos (Siluriformes)da Amazonia Central, 2: determinacao do efeito Bohr por focalizacao isoeletrica [Plecostomus spp, Brasil]
246 1 _aHemoglobins in catostomid fishes in central Amazon, 2: determining Bohr effect by isoeletric focusing [Plecostomus spp, Brazil]
650 _aCASCUDO
650 _aHEMOGLOBINA
650 _aSANGUE
650 _aANALISE QUIMICA
773 0 _tActa Amazonica (Brazil)
_xISSN 0044-5967
_g(Feb 1983), v. 13(1) p. 15-20
_wBR8401793
909 _a202311
_bLúcia
_c55
_dLúcia Elande
942 _2AGRIS
_n0
_cANA
999 _c114455
_d114455